| 000 | 00504nam a2200169 i 4500 | ||
|---|---|---|---|
| 001 | 29940 | ||
| 003 | ES-MaACL | ||
| 005 | 20230906154120.0 | ||
| 007 | t| | ||
| 008 | 030123s1972 sp ||||1| spa d | ||
| 100 | 1 |
_aBasilio, Aurelio. _926291 |
|
| 245 | 1 | 0 |
_aCaza y pesca en Annobón / _cAurelio Basilio. |
| 260 |
_aMadrid : _bInstituto de Estudios Africanos, _c1972. |
||
| 300 |
_a108 p., 9 lám. ; _c24 cm. |
||
| 710 | 2 |
_aInstituto de Estudios Africanos. _94881 |
|
| 852 |
_aES-MaACL _jC-43321 _bR.81665 |
||
| 999 |
_c29940 _d29940 |
||